00297nam a2200097Ia 4500008004100000082000900041245002400050942000600074952010400080999001500184240331s9999 xx 000 0 und d a5075 0aSrilanka happiness  cL 001040708LaWERCLbWERCLcSSCd2024-03-31l0o5075pChristian societyr2024-03-31w2024-03-31yL c1291d1291